000 00284nam a2200109Ia 4500
008 220204s9999 xx 000 0 und d
082 _a002
_bCAL
100 _aCalderhead, P
245 0 _aLibraries for professional practice
260 _aLondon
_bArchitectural press
_c1972
942 _cBK
999 _c27097
_d27097